000
00278nam a22001217a 4500
008
181024b xxu||||| |||| 00| 0 eng d
041
_a
eng
080
_2
4th
_a
540
100
_a
12
101
_a
KIM
245
_a
The ABC of Acid-Base Chemistry
_c
Dvenport,H.W
942
_2
udc
_c
BK
999
_c
50830
_d
50830